| 000 | 00363nam a2200133Ia 4500 | ||
|---|---|---|---|
| 008 | 150202s9999 xx 000 0 und d | ||
| 020 | _a671501070 | ||
| 050 |
_aFIC _bFIC |
||
| 100 | _aJohnson, Kij. | ||
| 245 |
_aStar Trek : _bdragon's honor / _cKij Johnson. |
||
| 260 |
_aNew York : _bPocket Books, _c1996. |
||
| 300 |
_a277 pages : _c18 cm. |
||
| 650 | _aFiction. | ||
| 999 |
_c282133 _d282133 |
||